| 000 | 01064nas a2200337 4500 | ||
|---|---|---|---|
| 001 | BR2012004501 | ||
| 003 | BR-BrBNA | ||
| 005 | 20231205120746.0 | ||
| 007 | ta | ||
| 008 | 230509b bl.|||p| |||| 00| 00por d | ||
| 040 |
_aBR-BrBNA _bpor _cBiblioteca Nacional de Agricultura |
||
| 041 | _a(Pt) | ||
| 072 | _aQ03 | ||
| 100 | 1 | _aMelo, G.F. do A. | |
| 100 | 1 | _aCosta, A.C.V. da | |
| 100 | 1 | _aMendonça, K.M. de S. | |
| 100 | 1 | _aBarros, J.C. de | |
| 100 | 1 | _aConceição, M.L. da | |
| 245 | 1 | _aContaminantes bacterianos em amostras de cachorro-quente comercializadas em vias públicas e em lanchonetes de João Pessoa, PB | |
| 650 | _aCONSUMIDOR | ||
| 650 | _aSAÚDE PÚBLICA | ||
| 650 | _aHÁBITO ALIMENTAR | ||
| 650 | _aSALSICHA | ||
| 650 | _aCONTAMINAÇÃO | ||
| 650 | _aCOLIFORME | ||
| 650 | _aCONTROLE DE QUALIDADE | ||
| 650 | _aSEGURANÇA ALIMENTAR | ||
| 773 | 0 |
_tHigiene Alimentar (Brazil) _xISSN 0101-9171 _g(Mar-Apr 2012), v. 26(206-207) p. 178-183 _wBR2012004501 |
|
| 909 |
_a202311 _bLúcia _c55 _dLúcia Elande |
||
| 942 |
_2AGRIS _n0 _cANA |
||
| 999 |
_c220160 _d220160 |
||